| 000 | 00448nam a2200157Ia 4500 | ||
|---|---|---|---|
| 999 |
_c20581 _d20581 |
||
| 082 | _a340.0934 JOS-S | ||
| 100 | _aJoshi, Mahadev Narayanarao | ||
| 245 | 0 | _aSources and systems of law and administration in ancient India | |
| 260 |
_aJamakhandi _bBhalachandra Prakashana _c2006 |
||
| 300 | _avii, 127 | ||
| 650 |
_aLaw, Ancient _vIndia |
||
| 650 |
_aLaw _vHistory _vSources |
||
| 650 |
_aLaw _vIndia _vHistory |
||
| 650 | _aLegislation | ||
| 942 | _cBK | ||